000 01312nam a2200205Ia 4500
003 Ost
005 20260507075054.0
008 260507s9999||||xx |||||||||||||| ||und||
040 _cfsecg
041 _aara
100 _aابو زيد، كمال خليفة
_eمؤلف
245 0 _aفي اسس المحاسبة المالية /
_c كمال خليفة ابو زيد
260 _aالاسكندرية:
_bالدار الجامعية,
_c1999
300 _a398 صفحة؛
_c23 سم
520 _aمقدمة عن المحاسبة وفروعها ، البناء النظري للمحاسبة المالية ، المعادلةات المحاسبية الرئيسية ، أهداف القوائم المالية وعناصرها ، الدورة المحاسبية وأركانها ’ استكمال الدورة المحاسبية ، تسوية واعداد القوائم المالية ، استكمال الدورة المحاسبية ، اقفال الحاسبات وورقة العمل ، المحاسبة في المشروع التجاري ، التحصيل والسداد باستخدام الاوراق التجارية
653 _aالأوراق التجارية
653 _aالمحاسبة التحليلية
700 _aبدوي، محمد عباس
_eمؤلف ثانوي
942 _cكتاب
999 _c42714
_d42714